Movies Quiz

Random Movies or Clickable Quiz

9 Fictional British Male Characters (Movies) Quiz Stats

 Plays Quiz not verified by Sporcle

Score 0/9 Timer 00:45
0 Plays Today
% Correct
Tarzan
99.4%
Robin Hood
99.1%
James Bond
99%
Captain Jack Sparrow
99%
V
94.3%
Shaun Riley
91.6%
Alex DeLarge
89.4%
'Newt' Scamander
88.3%
Winston Smith
84.1%

You're not logged in!

Compare scores with friends on all Sporcle quizzes.
OR
Log In

Show Comments

Extras

Top Quizzes Today


Score Distribution

Your Account Isn't Verified!

In order to create a playlist on Sporcle, you need to verify the email address you used during registration. Go to your Sporcle Settings to finish the process.

Report this User

Report this user for behavior that violates our Community Guidelines.

Details: